000 00209nam a22000857a 4500
008 161220b xxu||||| |||| 00| 0 eng d
100 _92141
_aCBSE
245 _aSocial Science-Q.P-IX
260 _aNew Delhi
_bCBSE
_c2011
999 _c5030
_d5030